La bouquetière des innocents (Record no. 53159)
[ view plain ]
| 000 -LEADER | |
|---|---|
| campo de control de longitud fija | 00518nam a2200169 i 4500 |
| 001 - NÚMERO DE CONTROL | |
| campo de control | 53159 |
| 003 - IDENTIFICADOR DE NÚMERO DE CONTROL | |
| campo de control | ES-MaACL |
| 005 - FECHA Y HORA DE LA ÚLTIMA TRANSACCIÓN | |
| campo de control | 20251003164939.0 |
| 007 - CAMPO FIJO DE DESCRIPCIÓN FÍSICA--INFORMACIÓN GENERAL | |
| campo de control de longitud fija | t| |
| 008 - DATOS DE LONGITUD FIJA--INFORMACIÓN GENERAL | |
| campo de control de longitud fija | 031013s1862 fr ||||1| fre d |
| 100 1# - ENTRADA PRINCIPAL--NOMBRE DE PERSONA | |
| Nombre de persona | Dugué, Ferdinand. |
| 9 (RLIN) | 45935 |
| 245 13 - MENCIÓN DEL TÍTULO | |
| Título | La bouquetière des innocents |
| Resto del título | : drame en cinq actes / |
| Mención de responsabilidad, etc. | par Anicet Bourgeois et Ferdinand Dugué. |
| 260 ## - PUBLICACIÓN, DISTRIBUCIÓN, ETC. | |
| Lugar de publicación, distribución, etc. | Paris : |
| Nombre del editor, distribuidor, etc. | Levy, |
| Fecha de publicación, distribución, etc. | 1862. |
| 700 1# - ENTRADA AGREGADA--NOMBRE PERSONAL | |
| Nombre de persona | Anicet Bourgeois, Auguste, |
| Fechas asociadas al nombre | 1806-1871 |
| 9 (RLIN) | 30979 |
| 852 ## - LOCALIZACIÓN | |
| Ubicación | ES-MaACL |
| Número de control de estantería | T-733-F-1 |
| Estatus retirado | Estado de pérdida | Estado de daño | No para préstamo | Colección | Biblioteca de origen | Biblioteca actual | Ubicación en estantería | Fecha de adquisición | Fuente de adquisición | Total de préstamos | Signatura topográfica completa | Código de barras | Visto por última vez | Precio de reemplazo | Tipo de ítem Koha |
|---|---|---|---|---|---|---|---|---|---|---|---|---|---|---|---|
| Colección de folletos | Biblioteca del Ateneo de Madrid | Biblioteca del Ateneo de Madrid | Depósito folletos | 17/01/2008 | T-733-F-1 | 1055856 | 23/02/2023 | 23/02/2023 | Folleto |
